000 00622nam a2200217Ii 4500
001 12074
003 CO-ViMGA
008 241108s9999||||xx |||||||||||||| ||und||
020 _a8471144794
040 _aCO-ViMGA
_bspa
_erda
_cCO-ViMGA
041 0 _aspa
082 0 4 _a641.86 M183
100 1 _aVicente Madrid
_952530
245 1 0 _aManual de pastelería y confetería
264 1 _aMadrid, España : Mundi-Prensa libros, 1994
300 _avolumen
336 _atext
_btxt
_2rdacontent
337 _aunmediated
_bn
_2rdamedia
338 _avolume
_bnc
_2rdacarrier
940 _aidficha_siabuc: 11784. -- ficha_no_siabuc:12074
999 _c47321
_d47321